000 00717nam a2200289Ia 4500
005 20260324135821.0
008 008 260324s9999 xx 000 0 eng d
020 _a9780429451782
037 _aEBOOK
040 _aCRL
040 _beng
040 _cCRL
041 _2eng
041 _aeng
084 _qCRL
100 _aRay Forrest; Patricia Kennett; Philip Leather
_91202032
245 0 _aHome Ownership in Crisis?
245 4 _bThe British Experience of Negative Equity
260 _bTaylor and Francis
260 _c1999
365 _a
365 _b160
856 _uhttp://www.taylorfrancis.com/books/9780429451782
942 _cEBOOK
999 _c1803495
_d1803495